000 00785nam a22002057a 4500
005 20251108164343.0
008 250721s1994 xx 000 0 ara d
082 1 4 _a693.82/شري
100 1 _aأبو المجد، شريف
245 1 0 _aحرائق المنشآت الخرسانية :
_bالحكم عليها و إصلاحها - تصميم المنشآت الآمنه من الحريق /
264 1 _aالقاهره :
_bدار النشر للجامعات المصريه - مكتبة الوفاء،
_c1994.
300 _a413ص
650 1 7 _aالهندسة المدنية
650 1 7 _aالوقايه من الحريق
650 1 7 _aالحرائق
650 1 7 _aالخرسانة سابقة الإجهاد
700 1 _aحسني، حسن
942 _2ddc
_cBK
999 _c10109
_d10109